[Event "Durban CC-ch"]
[Site "Durban"]
[Date "2019.03.28"]
[Round "3"]
[White "Danisa, Cyril T"]
[Black "Nzama, Cedric"]
[Result "1-0"]
[WhiteElo "1741"]
[BlackElo "1361"]
[PlyCount "73"]
[EventDate "2019.03.14"]
[EventType "tourn"]
[EventRounds "9"]
[EventCountry "RSA"]
[SourceTitle "EXT 2020"]
[Source "ChessBase"]
[SourceDate "2019.10.17"]
[SourceVersion "1"]
[SourceVersionDate "2019.10.17"]
[SourceQuality "1"]

1. e4 e5 2. Nf3 Nf6 3. Nxe5 d6 4. Nf3 Nxe4 5. Qe2 Qe7 6. d3 Nf6 7. Bg5 Qxe2+ 8. Bxe2 Be7 9. Nc3 c6 10. 0-0 0-0 11. d4 Bg4 12. h3 Bxf3 13. Bxf3 d5 14. Rfe1 Bd8 15. Re2 Na6 16. Rae1 h6 17. Bh4 Nc7 18. Bg3 Ne6 19. Rd2 Ba5 20. Bd6 Rfe8 21. b4 Bc7 22. Rxe6 Bxd6 23. Rxd6 Re7 24. Re2 Kf8 25. Rxf6 Rxe2 26. Rxf7+ Kxf7 27. Nxe2 a5 28. b5 Ke7 29. c4 dxc4 30. bxc6 bxc6 31. Bxc6 Rc8 32. d5 Kd6 33. Nc3 Rxc6 34. dxc6 Kxc6 35. Kf1 Kc5 36. Ke2 Kd4 37. Kd2 1-0